000 00429nam a2200193Ia 4500
005 20240823012809.0
008 240823s9999||||xx |||||||||||||| ||und||
020 _a0-314-57827-7
041 _aENGLISH
082 _A512.9 N0
100 _a"Steinlage,Ralph C"
245 0 _aCollege Algebra
250 _a3rd
260 _b"West,New"
500 _aYES
650 _aAlgebra
_bMathematics
942 _cBK
999 _c165428
_d165428